000 00850nam0a2200289 4500
001 RU\NLR\bibl\17241
005 20250615013630.0
010 _a5-237-01222-1
_910000
021 _aRU
_b99-319
_917
035 _a(NLR Aleph) 000016856
090 _a72109
_c72109
100 _a19990323d1998 |||y0rusy50 ca
101 1 _arus
_ceng
102 _aRU
105 _a|||||||||||||
200 1 _aГрехи
_eРоман
_fДжиллиан Грэй
_g[Пер. с англ. Н.Г. Бунатян]
210 _aМ.
_cАСТ
_d1998
215 _a414 с.
_d17
225 1 _aСтрасть
_vВып. 73
686 _aШ6(7США)67-440.4
700 1 _aГрэй
_bД.
_gДжиллиан
_4070
801 0 _aRU
_bNLR
_c19990323
_gPSBO
801 1 _aRU
_bNLR
_c19990323
852 _aNLR
_j99-2/21
942 _cBOOK
980 _aNB